Programming with visual Basic 6.0/ (Record no. 697)

MARC details
000 -LEADER
Fixed length control field 00472nam a2200169 4500
003 - CONTROL NUMBER IDENTIFIER
Control field SEACOMEC
005 - DATE AND TIME OF LATEST TRANSACTION
Control field 20241223135848.0
008 - FIXED-LENGTH DATA ELEMENTS--GENERAL INFORMATION
Fixed length control field 240226b |||||||| |||| 00| 0 eng d
020 ## - INTERNATIONAL STANDARD BOOK NUMBER / ISBN
Price Rs.210.00
International Standard Book Number 812590932X
040 ## - CATALOGING SOURCE
Original cataloging agency SEACOMEC
082 ## - DEWEY DECIMAL CLASSIFICATION NUMBER
Classification number 005.133
Book Number A991
100 ## - MAIN ENTRY--PERSONAL NAME
Personal name Azam,Mohammed
245 1# - TITLE STATEMENT
Title Programming with visual Basic 6.0/
Statement of responsibility Mohammed Azam
260 ## - IMPRINT
Place of publication New Delhi
Name of publisher Vikash publishing
Date of publication 2000
650 ## - SUBJECT ADDED ENTRY--TOPICAL TERM
Topical term Computer science,Programming languages
942 ## - ADDED ENTRY ELEMENTS (KOHA)
Koha item type Books
Holdings
Withdrawn status Lost status Source of classification Damaged status Not for loan Home library Current library Date acquired Total Checkouts Call number Accession number Date last seen Price effective from Koha item type Copy number
    Dewey Decimal Classification     SEACOM ENGINEERING COLLEGE SEACOM ENGINEERING COLLEGE 09/06/2006   005.133 A991 3005 01/07/2024 01/07/2024 Books  
    Dewey Decimal Classification     SEACOM ENGINEERING COLLEGE SEACOM ENGINEERING COLLEGE 09/06/2006   005.133 A991 3006 01/07/2024 01/07/2024 Books 1
    Dewey Decimal Classification     SEACOM ENGINEERING COLLEGE SEACOM ENGINEERING COLLEGE 09/06/2006   005.133 A991 3007 01/07/2024 01/07/2024 Books 2
    Dewey Decimal Classification     SEACOM ENGINEERING COLLEGE SEACOM ENGINEERING COLLEGE 09/06/2006   005.133 A991 3008 01/07/2024 01/07/2024 Books 3
    Dewey Decimal Classification     SEACOM ENGINEERING COLLEGE SEACOM ENGINEERING COLLEGE 09/06/2006   005.133 A991 3009 01/07/2024 01/07/2024 Books 4
    Dewey Decimal Classification     SEACOM ENGINEERING COLLEGE SEACOM ENGINEERING COLLEGE 14/02/2007   005.133 A991 5962 01/07/2024 01/07/2024 Books 5
    Dewey Decimal Classification     SEACOM ENGINEERING COLLEGE SEACOM ENGINEERING COLLEGE 14/02/2007   005.133 A991 5963 01/07/2024 01/07/2024 Books 6
    Dewey Decimal Classification     SEACOM ENGINEERING COLLEGE SEACOM ENGINEERING COLLEGE 14/02/2007   005.133 A991 5964 01/07/2024 01/07/2024 Books 7
    Dewey Decimal Classification     SEACOM ENGINEERING COLLEGE SEACOM ENGINEERING COLLEGE 14/02/2007   005.133 A991 5965 01/07/2024 01/07/2024 Books 8
    Dewey Decimal Classification     SEACOM ENGINEERING COLLEGE SEACOM ENGINEERING COLLEGE 14/02/2007   005.133 A991 5966 01/07/2024 01/07/2024 Books 9
    Dewey Decimal Classification     SEACOM ENGINEERING COLLEGE SEACOM ENGINEERING COLLEGE 02/05/2008   005.133 A991 11408 23/12/2024 23/12/2024 Books 10
    Dewey Decimal Classification     SEACOM ENGINEERING COLLEGE SEACOM ENGINEERING COLLEGE 02/05/2008   005.133 A991 11409 23/12/2024 23/12/2024 Books 11
    Dewey Decimal Classification     SEACOM ENGINEERING COLLEGE SEACOM ENGINEERING COLLEGE 02/05/2008   005.133 A991 11410 23/12/2024 23/12/2024 Books 12
    Dewey Decimal Classification     SEACOM ENGINEERING COLLEGE SEACOM ENGINEERING COLLEGE 02/05/2008   005.133 A991 11411 23/12/2024 23/12/2024 Books 13
© Seacom Engineering College, All rights reserved.      Powered by Koha